Selekcjonerzy reprezentacji Hiszpanii - nagła śmierć - Statystyki

Ogólne statystyki
  • Ten quiz został rozwiązany 56 razy
  • Średni wynik to 5 z 8
Answers on the Grid
Answers color-coded by a green-red scale on the quiz's grid according to % correct below.
Luis de la Fuente
Pep Guardiola
Vicente del Bosque
Luiz Felipe Scolari
Fernando Santos
Luis Enrique
José Mourinho
Julen Lopetegui
Rafael Benítez
Javier Clemente
Adrian Siemieniec
Miguel Muñoz
José Antonio Camacho
Jorge Sampaoli
Quique Setién
Luis Aragonés
 
Statystyki odpowiedzi
Odpowiedź % Poprawnych
Luis de la Fuente
89%
Vicente del Bosque
86%
Luis Enrique
73%
Luis Aragonés
66%
Julen Lopetegui
57%
José Antonio Camacho
55%
Javier Clemente
43%
Miguel Muñoz
39%
Nie znaleziono quizów pasujących do podanych kryteriów
Rozkład punktacji
Procent ludzi z każdym wynikiem
Percentyl według liczby udzielonych odpowiedzi
Twoja historia wyników
Nie rozwiązałeś tego quizu